Quizzes
Events
Quiz Creation
Community
Videos
Private Events
Remove Ads
Sign In
Join for FREE
Feedback
Dark Mode
Quiz Categories
Sports
Geography
Music
Movies
Television
Just For Fun
Miscellaneous
History
Literature
Language
Science
Gaming
Entertainment
Religion
Holiday
For Kids
Quiz Lab
Recent
Popular Today
Quiz Kudos Today
Editor Picks
Curator Picks
Quizzes by...
Day
Popularity
Type
Ratings
Length
Year
Community
Subscriptions
Recent Discussions
Orange Saloon
Badges
Playlists
Quests
Create
Leaderboards
Showdown
Live 5
Trivia Bingo
Activity
Puzzle Library
Sporcle Events
Private Events
Virtual Trivia
Globe League
Become a Host
Pub Owners
SporcleCon
Opinionation
Our Games
Videos
Blog
Mobile Apps
Partnerships
Remove Ads and Go Orange
Feedback
Music
Pop Music
The Beatles
Song
Album
Lyrics
Bands
Singers
Artist
Clip
Rock
Rap
Classical
Billboard
Country Music
Kpop
Taylor Swift
Music
Pop Music
The Beatles
Song
Album
Lyrics
Bands
Singers
Artist
Clip
Rock
Rap
Classical
Billboard
Country Music
Kpop
Taylor Swift
Random Quiz
Search Sporcle
×
Quiz Lab
Quiz Lab
Music
chart
Type in answers that appear in a list
Type in answers that appear in a list
Classic
Best Score? Go Orange.
2011 No.1 Albums UK Stats
Can you name the UK's number 1 albums of 2011 by weekly sales?
By
Yorkiebar357
4m
52 Questions
62 Plays
62 Plays
62 Plays
Comments
Comments
Give Quiz Kudos
Give Quiz Kudos
-
- Ratings
hide this ad
More Info
Replay
Link that replays current quiz
Next Quiz
Link to next quiz in quiz playlist
You Got
0%
They Got
Avg Score
50%
Avg Friend Score
Upgrade to see
Score Distribution
Jump to the score distribution portion of the page
Score
0/52
Timer
04:00
0
Plays Today
Weekly Sales
Album
% Correct
257,731 (3rd April)
21
93.5%
208,090 (30th January)
21
93.5%
188,764 (20th February)
21
93.5%
180,493 (6th March)
21
93.5%
173,718 (27th February)
21
93.5%
161,580 (13th March)
21
93.5%
159,895 (20th March)
21
93.5%
156,162 (27th March)
21
93.5%
135,585 (6th February)
21
93.5%
134,241 (13th February)
21
93.5%
114,476 (10th April)
21
93.5%
91,803 (24th April)
21
93.5%
80,922 (8th May)
21
93.5%
73,771 (1st May)
21
93.5%
70,362 (15th May)
21
93.5%
51,183 (22nd May)
21
93.5%
46,648 (24th July)
21
93.5%
43,555 (17th July)
21
93.5%
215,639 (29th May)
Born This Way
51.6%
67,615 (5th June)
Born This Way
51.6%
47,150 (26th June)
Born This Way
51.6%
76,237 (2nd January)
Loud
43.5%
50,088 (9th January)
Loud
43.5%
44,827 (16th January)
Loud
43.5%
163,819 (27th November)
Talk That Talk
40.3%
102,350 (18th September)
+
38.7%
Weekly Sales
Album
% Correct
317,114 (25th December)
Christmas
37.1%
269,665 (18th December)
Christmas
37.1%
85,787 (20th November)
Christmas
37.1%
86,243 (23rd January)
Doo-Wops & Hooligans
35.5%
208,343 (30th October)
Mylo Xyloto
33.9%
89,211 (3rd July)
4
27.4%
77,720 (19th June)
Progress
27.4%
44,929 (10th July)
4
27.4%
63,070 (7th August)
Back To Black
24.2%
44,076 (31st July)
Back To Black
24.2%
43,726 (14th August)
Back To Black
24.2%
148,532 (4th December)
In Case You Didn't Know
22.6%
114,557 (17th April)
Wasting Light
22.6%
94,050 (6th November)
Ceremonials
19.4%
122,530 (23rd October)
Noel Gallagher's High Flying Birds
17.7%
94,088 (25th September)
Velociraptor!
17.7%
82,424 (12th June)
Suck It and See
17.7%
30,640 (21st August)
Welcome Reality
17.7%
56,224 (11th September)
Playing in the Shadows
14.5%
71,858 (4th September)
I'm With You
12.9%
194,966 (11th December)
Lioness: Hidden Treasures
11.3%
72,745 (13th November)
Someone To Watch Over Me
11.3%
65,773 (28th August)
Echoes
11.3%
62,181 (2nd October)
The Awakening
9.7%
36,411 (9th October)
The Awakening
9.7%
34,200 (16th October)
The Ultimate Collection
8.1%
Quiz Playlist
Details
Report
Send in Message
Add To Playlist
More Info:
The figures in the first column show the weekly sales figures for each number 1 album of 2011. Guess the album name to answer.
Classic:
Type in answers that appear in a list
Quiz Source
Last Updated: Feb 16, 2017
Quiz Scoreboard
CHALLENGE
Sign Up to Join the Scoreboard
Show All
Scores
Hide
Comments
May contain spoilers
Recently Published
Decade Duel: World Leaders
by jenniferyan
History
4m
Alphabetical 'K' Countries by Flag Minefield
by ylime102
Geography
3m
Pick 6: Fruits
by JohnFran
Miscellaneous
15s
More to Explore
Quiz From the Vault
Featured Blog Post
15 Basketball Trivia Facts You Can Be March Mad About
hide this ad
You Might Also Like...
Tags
2011
chart
UK
UK Album
Today's Top Quizzes in Music
Browse Music
hide this ad
Today's Top Quizzes in chart
Browse chart
Top Contributed Quizzes in Music
1
Taylor Swift All Songs (2024)
2
Taylor Swift Logic Puzzle
3
KPOP LOGIC QUIZ
4
Guess the Taylor Swift song (Mystery Song)
5
A Taylor Swift Logic Puzzle
6
Guess The Taylor Swift Lyrics Song #1
7
kpop group name match up
8
K-Pop : 100 Debut Songs (Part 1 of 3)
9
2 word kpop group match
10
Madness Songs By Image
Explore More
Trending Topics
Crossword
Harry Potter
NBA
Anime
Marvel
Disney
Kpop
Pokémon
Country
NFL
The Office
Soccer
WWE
Song
Puzzle
hide this ad
More By:
Yorkiebar357
Quiz
Plays
Rating
Category
Featured
Created
Does Your Mother Know?
2,322
5.00
Music
Aug 18, 2012
21st Century Number 1 Singles UK
2,254
3.80
Music
Jul 25, 2012
Maths Test
1,940
3.25
Just For Fun
Aug 15, 2012
UK Million Selling Singles
448
5.00
Music
Jul 27, 2012
Eragon First Paragraph
406
4.00
Literature
Aug 12, 2012
Go to Creator's Profile
Score Distribution
Quiz Creator Spotlight
Yorkiebar357
Follow
Send a Message
Quizzes Created
-
Created Quiz Play Count
-
More By This Creator
Popular Quizzes Today
1
Countries of Asia Without Outlines Minefield
2
Find the US States - No Outlines Minefield
3
Pick 6: Fruits
4
Alphabetical 'K' Countries by Flag Minefield
5
The Countries of the World
6
Find the Countries of Europe - No Outlines Minefield
7
Find the US States
8
US States
More Music Quizzes
'D' Bands Album Match
Quiz Lab
Trending Quizzes
Pick 6: Mountains
Pick 6: Harry Potter
Pick 6: Flags
Pick 6: NFL Teams
Pick 6: Movie Franchises
Recently Updated
Adaptations: Name the Title
pecheneg
NWSL Teams
pecheneg
Women's Final Four Teams by Year
bhenderson79
Presidents Quartet II
eogle
Anything But Clue(do)
eogle
Anything But Oceanian Capitals
eogle
Anything But 7
eogle
Anything But Thing
eogle
Word Ladder: February 29
pecheneg
Song Title Questions
pecheneg
Trending Topics
Crossword
NBA
Disney
Kpop
Anime
Harry Potter
Marvel
Puzzle
Song
Country
Soccer
WWE
Pokémon
The Office
NFL
Your Account Isn't Verified!
In order to create a playlist on Sporcle, you need to verify the email address you used during registration. Go to your
Sporcle Settings
to finish the process.
Report this User
Report this user for behavior that violates our
Community Guidelines
.
Details:
Send Report
Go to the Sporcle.com Mobile Site →
Comments